=LDR 00000nam 2200000 4500 =001 INLIS000000000019883 =005 20130612114909 =008 ***********************************Ind** =035 ##$$0010-061300000019883 =041 ##$$a Ind =082 ##$$a 828.83 =090 ##$$a 828.83, Bur u =100 ##$$a Burchell, Mary =245 ##$$a Under the stors of paris, Mary Burchell =260 ##$$a 1954 $b London =300 ##$$a 192 hlm, 31 cm =650 ##$$a Kesusastraan Inggris-Penulisan =850 ##$$a NBPNMAT